Introducción a la informática educativa: manual interactivo
Salvato in:
| Autore principale: | |
|---|---|
| Natura: | Libro |
| Lingua: | spagnolo |
| Pubblicazione: |
Buenos Aires
JVE
1998
|
| Serie: | Serie Informática
|
| Soggetti: | |
| Tags: |
Aggiungi Tag
Nessun Tag, puoi essere il primo ad aggiungerne!!
|
MARC
| LEADER | 00000nam a2200000 a 4500 | ||
|---|---|---|---|
| 001 | UCO9561 | ||
| 003 | CL-VaPUC | ||
| 008 | 010302e19980900AG |||||||||||||||||spa|d | ||
| 082 | 0 | 4 | |a 371.334 |b CAP |2 21 |
| 100 | 0 | |a Caplán, Graciela J |e author |9 454837 | |
| 245 | 1 | 0 | |a Introducción a la informática educativa: manual interactivo |
| 300 | |a 203 p | ||
| 942 | |c BK | ||
| 945 | |d 20010302 00:00:00 |a cmena | ||
| 260 | |a Buenos Aires |b JVE |c 1998 | ||
| 500 | |a Incluye diskette | ||
| 650 | 0 | |a Computadores |9 258188 | |
| 650 | 7 | |a INNOVACIONES TECNOLOGICAS |2 CL-VaPUC |9 454838 | |
| 650 | 0 | |a Métodos de enseñanza |9 270413 | |
| 650 | 0 | |a Aplicaciones de computadores |9 260401 | |
| 650 | 7 | |a ENSEÑANZA PROGRAMADA |2 CL-VaPUC |9 263217 | |
| 583 | |a last modification |c 20010302 00:00:00 |k Rodrigo Vera | ||
| 490 | 0 | |a Serie Informática | |
| 999 | |c 293762 |d 293760 | ||
| 952 | |0 0 |1 0 |4 0 |6 371_334000000000000_CAP_1998 |7 0 |8 A |9 345473 |a FDOPOS |b FDOPOS |d 2019-11-20 |i 3689735 |o 371.334 CAP 1998 |p 3689735 |r 2025-01-22 |w 2019-11-20 |y BK |k MLA | ||